[Event "Speed Chess Championship 2020"]
[Site "Online"]
[Date "2020.11.16"]
[Round "1.17"]
[White "Artemiev, Vladislav"]
[Black "Giri, Anish"]
[Result "0-1"]
[WhiteElo "2708"]
[BlackElo "2764"]
[Annotator "TA"]
[PlyCount "106"]
[EventDate "2020.10.31"]
[EventType "k.o."]
[EventCountry "NET"]
[SourceTitle "playchess.com"]
[Source "ChessBase"]
[SourceQuality "1"]

{[%evp 16,106,14,0,12,0,20,15,27,24,16,43,69,70,91,82,74,60,52,30,63,0,0,0,70,75,58,45,43,28,13,-97,-96,-98,0,-35,59,0,0,-78,-78,-81,-76,-91,-102,-166,-154,-199,-102,-131,-128,-135,-130,-223,-240,-236,-233,-287,-243,-342,-339,-296,-194,-350,-332,-362,-365,-388,-341,-439,-411,-436,-415,-389,-397,-479,-466,-432,-376,-568,-558,-644,-375,-733,-678,-1226,-777,-584,0,-1122,-1171,-29996,-29997]} 1. d4 Nf6 2. c4 e6 3. Nf3 d5 4. e3 Bd6 5. b3 O-O 6. Bb2 b6 7. Bd3 Bb7 8. O-O Nbd7 9. Nc3 dxc4 {E14: Queen's Indian: Classical Variation (4 e3).} (9... Re8 {looks sharper.} 10. Nb5 Bf8 11. Nc3 Bd6) 10. bxc4 c5 $5 {[%mdl 4] An interesting side line.} 11. d5 exd5 {[#] The position is equal.} 12. Nxd5 $146 ({Predecessor:} 12. cxd5 a6 13. a4 Ne5 14. Nxe5 Bxe5 15. e4 c4 16. Bb1 Re8 17. Qd2 b5 18. axb5 axb5 19. Rxa8 Bxa8 {1-0 (48) Gvanceladze,A (2247)-Kanakova,N (2201) Modra 2019}) 12... Nxd5 13. cxd5 Qe7 14. Qc2 g6 15. Rad1 Rad8 16. Qc3 {[%csl Gb2][%cal Rc3h8]} f6 17. e4 Ne5 18. Nd2 (18. Nxe5 $14 Bxe5 19. Qb3) 18... Nxd3 $11 19. Qxd3 Be5 (19... Qd7 $11) 20. Bxe5 $14 Qxe5 21. Qa3 Qc7 22. Rfe1 ({Don't go for} 22. Qxa7 $2 Ra8 $19) 22... f5 {White should prevent ...fxe4.} 23. Qc3 {[#]} ({But not} 23. Qxa7 $2 Ra8 $19) (23. f3 $11) 23... fxe4 $1 $17 24. Nxe4 {Black must now prevent Nf6+.} Qg7 (24... Qf7 $17 25. Rd3 Rxd5) 25. Qb3 Rf5 (25... Qf7 $15 26. d6 Qxb3 27. axb3 Bxe4 28. Rxe4 Rfe8 29. Rxe8+ Rxe8) 26. d6+ (26. h4 $14) 26... Qf7 $1 $11 27. Qb2 (27. Qa4 $11 {keeps the balance.}) 27... Bxe4 $17 28. Rxe4 {[#]} Rd5 $1 {[%mdl 512]} 29. Rde1 {And now Re7 would win.} R5xd6 30. Qc3 {[#]} (30. h4 $17) 30... Rd3 $1 $40 {[%cal Rd3c3][%mdl 128] Black goes for the king.} 31. Qe5 R3d5 ({Black should play} 31... Qxa2 $19 32. Qf4 Rd1) 32. Qg3 Rd1 33. h4 Qxa2 34. Kh2 (34. Rxd1 $17 Rxd1+ 35. Kh2) 34... Rxe1 35. Rxe1 {[%mdl 4096] Endgame KQR-KQR} Qd5 36. Qg4 Qf5 37. Qg3 (37. Qc4+ {was necessary.} Qf7 38. Qg4) 37... Rf8 38. Kg1 Qf6 39. Qb3+ $2 (39. h5) 39... Rf7 40. Qc2 Qxh4 41. Re8+ Kg7 42. g3 Qf6 43. Qe2 h5 44. Re6 Qf5 45. Qb2+ Kh7 46. Re8 {[%csl Gb2][%cal Re8h8]} Qf6 47. Qe2 {[#]} (47. Qxf6 {was forced.} Rxf6 48. Re7+ Kh6 49. Rxa7) 47... c4 $1 48. Rc8 (48. Qxc4 Qxf2+) 48... c3 49. f4 $2 (49. Qc2) 49... Qd4+ 50. Kh1 Qd5+ 51. Kg1 Qd4+ 52. Kh1 $1 Rd7 {aiming for ...Qd2.} 53. Qe6 Qd1+ {Weighted Error Value: White=0.61/Black=0.39} 0-1

[Event "Speed Chess Championship 2020"]
[Site "Online"]
[Date "2020.11.15"]
[Round "1.18"]
[White "Caruana, Fabiano"]
[Black "Duda, Jan-Krzysztof"]
[Result "0-1"]
[WhiteElo "2823"]
[BlackElo "2743"]
[Annotator "TA"]
[PlyCount "102"]
[EventDate "2020.10.31"]
[EventType "k.o."]
[EventCountry "NET"]
[SourceTitle "playchess.com"]
[Source "ChessBase"]
[SourceQuality "1"]

{[%evp 13,102,11,8,9,8,0,28,16,8,-22,-14,-31,10,0,-23,0,-14,-6,-4,0,0,0,-2,-79,0,0,0,0,13,14,14,15,16,2,2,0,0,0,8,1,6,6,6,6,21,3,3,3,3,3,3,0,0,-8,-8,-8,-6,-6,-6,-8,0,0,0,0,0,-25,-13,-13,-13,-13,-13,-5814,-4050,-29954,-29954,-6195,-84,-29960,-29961,-29964,-29963,-29961,-29937,-29936,-12805,-6103,-5518,-12796,-12183,-5106,-5089]} 1. e4 e5 2. Nf3 Nf6 3. Nxe5 d6 4. Nf3 Nxe4 5. Nc3 Nxc3 6. dxc3 Be7 7. Be3 O-O 8. Bd3 {C42: Petroff Defence: 3 Nxe5 and unusual White 3rd moves.} Nd7 9. Qe2 b6 $5 {[%mdl 4] Leaves trodden paths.} 10. O-O-O {White has an edge.} Bb7 {[#]} 11. Nd4 $146 ({Predecessor:} 11. h4 Nf6 12. Nd4 Qd7 13. f3 Rfe8 14. g4 a6 15. Qf2 Bf8 16. g5 Nd5 17. Bd2 {½-½ (43) Miranda Mesa,E (2438)-Duran Vega,S (2360) Santa Clara 2018}) 11... Bf6 12. h4 Nc5 13. Bb5 a6 14. Bc6 Bxd4 15. cxd4 Bxc6 16. dxc5 bxc5 {[#]} ({Much weaker is} 16... Bxg2 $6 17. Rhg1 $16) 17. Bxc5 $1 {[%mdl 512]} Re8 (17... dxc5 18. Rxd8) 18. Qg4 (18. Be3 $11) 18... Qc8 (18... Re4 $17 19. Qf5 Rxh4 20. Rxh4 Qxh4) 19. Qxc8 $11 Raxc8 20. Bd4 Re4 21. f3 Re2 22. Rd2 Rce8 23. Rhd1 f6 24. b3 Kf7 25. c4 Bd7 26. Kc2 Bf5+ 27. Kc3 h5 28. Bf2 R8e5 29. Rxe2 (29. b4 {is more complex.} a5 30. b5 g5 31. a4 gxh4 32. Bxh4 Be6 33. Bf2) 29... Rxe2 30. Rd2 Rxd2 31. Kxd2 {[%mdl 4096] Endgame KB-KB} Ke6 32. Kc3 c5 33. b4 cxb4+ 34. Kxb4 Bb1 35. a3 Bd3 36. g3 g5 37. f4 g4 38. Bd4 Kf5 39. c5 dxc5+ 40. Kxc5 Ke4 {aiming for ...f5.} 41. Bxf6 Kf3 42. f5 $2 {[%mdl 8192]} (42. Be7 $11) 42... Kxg3 $19 43. Kd4 Bxf5 44. Ke3 Kg2 $2 (44... Bd7 $19 {has better winning chances.} 45. Bd4 Kxh4) 45. Be5 $2 {[%mdl 8192] [#]} (45. Bc3 $17) 45... g3 46. Bb8 Bd7 47. Bc7 Be6 48. Bd6 Kh3 49. Be5 {Black is clearly winning.} Kxh4 50. Kf3 Bd5+ 51. Kf4 Kh3 {Weighted Error Value: White=0.61/Black=0.32} 0-1

[Event "Speed Chess Championship 2020"]
[Site "Online"]
[Date "2020.11.11"]
[Round "1.18"]
[White "Aronian, Levon"]
[Black "Nepomniachtchi, Ian"]
[Result "1-0"]
[WhiteElo "2781"]
[BlackElo "2784"]
[Annotator "TA"]
[PlyCount "79"]
[EventDate "2020.10.31"]
[EventType "k.o."]
[SourceTitle "playchess.com"]
[Source "ChessBase"]
[SourceQuality "1"]

{[%evp 11,79,0,1,0,-4,-20,-14,-15,-10,-41,-13,-19,4,6,41,47,45,0,52,53,41,49,54,54,59,38,62,43,121,84,92,93,135,77,131,78,73,14,10,10,177,177,180,0,133,130,126,127,166,161,159,160,241,239,330,342,700,685,29970,29971,29970,29971,29978,5695,29979,29980,29980,29981,29980,29981]} 1. e4 c5 2. Nf3 d6 3. c3 Nf6 4. Be2 g6 5. O-O Bg7 6. d3 O-O 7. Be3 {B50: Sicilian: 2...d6, Miscellaneous.} Nc6 8. Nbd2 e5 9. a3 {The position is equal.} a5 {[#]} 10. d4 $146 ({Predecessor:} 10. b3 Re8 11. Rb1 b6 12. b4 axb4 13. axb4 cxb4 14. cxb4 d5 15. Qc2 Bb7 16. Rfc1 {½-½ (22) Haeckler,D (2074)-Pannek,M (1957) Germany 2013}) 10... cxd4 11. cxd4 d5 12. Nxe5 Nxe4 (12... dxe4 {seems wilder.} 13. Nxc6 bxc6 14. Re1 Bd7 15. Rc1 Re8) 13. Nxc6 bxc6 14. Rc1 Rb8 (14... Nxd2 $11 15. Qxd2 Bd7) 15. Nxe4 $14 dxe4 16. Rxc6 Rxb2 17. Bc4 Bd7 18. Rc5 Qb6 19. Bd5 Bf5 ({Black should try} 19... Bb5 $14 20. Re1 (20. Bxe4 Bxf1 21. Qxf1 Rd8 $17) 20... Bd3) 20. Qa4 Rb1 21. Qxa5 Rxf1+ 22. Kxf1 Qb1+ (22... Qb8 $142) 23. Qe1 (23. Rc1 $142 Qb8 24. Kg1) 23... Qd3+ $16 24. Qe2 ({White should play} 24. Kg1 $1 $16) 24... Qxa3 $11 25. g4 Bc8 $2 {[#]} (25... Bd7 $11 {and Black stays safe.}) 26. Bxf7+ $1 $18 {[%mdl 512]} Kh8 (26... Rxf7 27. Rxc8+) 27. Bd5 $2 (27. Kg2 $18) 27... Ba6 (27... Bxg4 $1 $11 {remains equal.} 28. Qe1 Qb2) 28. Bc4 $36 {[%mdl 2048] Keeping Black busy.} Bxc4 29. Rxc4 Qd6 30. Kg2 Qd7 31. h3 h6 {[#]} (31... h5 $16 32. Qd1 (32. gxh5 Rf3 $11) 32... Kh7) 32. Qc2 $1 $18 Qe8 33. Rc7 Kh7 $2 (33... h5 34. Qc4 hxg4 35. hxg4 Qd8) 34. d5 Rf3 35. Bd4 Rf7 36. Bxg7 Kxg7 37. d6 (37. Qc3+ $142 Kh7 38. Rc8 Rf3 39. d6 Rxc3 40. Rxe8 Rd3 41. Re7+ Kg8 42. d7) 37... e3 38. Qc3+ {White mates.} Kh7 39. Qxe3 Qa8+ 40. Kg3 {Weighted Error Value: White=0.15/Black=0.86} 1-0

[Event "Speed Chess Championship 2020"]
[Site "Online"]
[Date "2020.11.16"]
[Round "1.18"]
[White "Giri, Anish"]
[Black "Artemiev, Vladislav"]
[Result "0-1"]
[WhiteElo "2764"]
[BlackElo "2708"]
[Annotator "TA"]
[PlyCount "88"]
[EventDate "2020.10.31"]
[EventType "k.o."]
[EventCountry "NET"]
[SourceTitle "playchess.com"]
[Source "ChessBase"]
[SourceQuality "1"]

{[%evp 21,87,45,55,21,28,10,18,2,16,0,0,0,0,-7,-17,-27,-27,-22,21,-14,15,0,0,-28,14,20,78,97,104,92,101,99,110,86,138,90,100,85,214,121,104,12,115,106,109,-97,-97,-85,-48,-112,-111,-86,-38,-30,0,-1287,-1267,-1285,-1256,-1146,-193,-353,-353,-353,-349,-29998,-29999,-29999]} 1. e4 c5 2. Nf3 a6 3. c3 d5 4. exd5 Qxd5 5. d4 Nf6 6. Be3 cxd4 7. cxd4 e6 8. Bd3 Nc6 9. O-O Be7 10. Nc3 Qd6 11. Rc1 O-O 12. Re1 {B22: Sicilian: 2 c3.} Nb4 13. Bb1 b5 {[#]} 14. Bg5 $146 {The position is equal.} ({Predecessor:} 14. Ng5 Bb7 15. a3 Nbd5 16. Nce4 Nxe4 17. Nxe4 Nxe3 18. fxe3 Qd5 19. Rc7 Bd8 20. Rc5 {½-½ (44) Aslanov,S (2273)-Selivanov,I (2149) Moscow 2015}) 14... Bb7 15. a3 Nbd5 16. Nxd5 Nxd5 17. Qd3 {[%csl Gb1][%cal Rd3h7]} g6 $1 18. Bh6 Rfc8 19. Ne5 Bf8 20. Bxf8 (20. Qf3 {keeps more tension.} Rc7 21. Rxc7 Qxc7 22. Rc1 Qe7 23. Bxf8 Rxf8 24. Be4) 20... Rxf8 21. Qd2 Rad8 22. h4 Qe7 23. h5 Qh4 (23... Qf6 $11 {remains equal.}) 24. hxg6 $16 fxg6 {Strongly threatening ...Nf4.} 25. Be4 Ba8 26. g3 Qf6 27. Qe2 Qe7 (27... Qg5 $142) 28. Rc5 Qd6 29. Rec1 Ne7 (29... Nf6 $16 {is a better defense.} 30. Bxa8 Rxa8) 30. Bxa8 ({White should try} 30. Rc7 $18 {aiming for Bxa8.} Nf5 31. Bxa8 Rxa8 32. R1c6 Nxd4 33. Rxd6 Nxe2+ 34. Kg2) 30... Rxa8 31. Nf3 ({White should play} 31. Rc7 $16 {And now Rd7 would win.} Rac8 32. Rxc8 Nxc8 33. Rc6 Qxd4 34. Rxe6 (34. Rxa6 Nd6 $14)) 31... Rae8 (31... Nf5 $11 {keeps the balance.}) 32. Qe4 Nf5 {With the idea ...Nxg3!} 33. Rc6 $2 (33. Kg2 $16 {keeps the pressure on.}) 33... Nxg3 $1 $17 34. Qg4 Qd5 {Threatens to win with ...Ne2+.} 35. fxg3 (35. Qxg3 $15 Rxf3 36. Qe5) 35... Rxf3 36. R1c5 Qb3 $40 {[%mdl 128] White needs to defend precisely.} 37. Kg2 Rd3 38. Rc2 $2 {[%mdl 8192]} (38. Rc8 $11 Rxc8 39. Rxc8+ Kg7 40. Rc7+ Kh8 41. Rc8+ Kg7 42. Rc7+ Kh8 43. Rc8+ Kg7) 38... Qd5+ $19 {[%mdl 64] [#] Double Attack} 39. Kh2 Rxd4 40. Qe2 e5 $2 (40... Rd1 41. Qxd1 Qxd1) 41. Rc7 $2 (41. R2c5 Qd7 42. Rc7) 41... Rd1 {[%csl Gd1][%cal Rd5h1]} 42. Qg2 {If White can now play Qxd5+ this consolidates a bit.} e4 {( -> ...Qh5+)} 43. Qf2 $2 {[#]} (43. Qh3 $19 h5 44. Rc8 Rd2+ 45. Rxd2 Qxd2+ {[%mdl 64] Double Attack} 46. Kh1 Rxc8 47. Qxc8+ Kh7 48. Qb7+ Kh6 49. Qxe4) 43... Qh5+ 44. Kg2 Qh1# {What a bad dream for White.  Weighted Error Value: White=0.81/Black=0.40} 0-1

[Event "Speed Chess Championship 2020"]
[Site "Online"]
[Date "2020.11.04"]
[Round "1.18"]
[White "Fedoseev, Vladimir"]
[Black "Firouzja, Alireza"]
[Result "1-0"]
[WhiteElo "2676"]
[BlackElo "2749"]
[Annotator "RC"]
[PlyCount "169"]
[EventDate "2020.10.31"]
[EventType "k.o."]
[SourceTitle "playchess.com"]
[Source "ChessBase"]
[SourceQuality "1"]
[TimeControl "60+1"]

1. e4 {[%emt 0:00:01]} e6 {[%emt 0:00:01]} 2. d4 {[%emt 0:00:00]} d5 {[%emt 0:00:00]} 3. exd5 {[%emt 0:00:01]} exd5 {[%emt 0:00:00]} 4. Bd3 {[%emt 0:00:00]} Nf6 {[%emt 0:00:00]} 5. Nf3 {[%emt 0:00:00]} Bd6 {[%emt 0:00:01]} 6. O-O {[%emt 0:00:00]} O-O {[%emt 0:00:01]} 7. Re1 {[%emt 0:00:00]} c6 {[%emt 0:00:00]} 8. c3 {[%emt 0:00:01]} Bg4 {[%emt 0:00:00]} 9. Bg5 {[%emt 0:00:00]} Nbd7 {[%emt 0:00:01]} 10. Nbd2 {[%emt 0:00:02]} Qc7 {[%emt 0:00:01]} 11. Qc2 {[%emt 0:00:00]} Bh5 {[%emt 0:00:01]} 12. h3 {[%emt 0:00:02]} Bg6 {[%emt 0:00:01]} 13. Nh4 {[%emt 0:00:01]} Bxd3 {[%emt 0:00:04]} 14. Qxd3 {[%emt 0:00:00]} Rfe8 {[%emt 0:00:01]} 15. Nf5 {[%emt 0:00:01]} Bf8 {[%emt 0:00:01]} 16. Qf3 {[%emt 0:00:01]} Rxe1+ {[%emt 0:00:09]} 17. Rxe1 {[%emt 0:00:02]} Re8 {[%emt 0:00:00]} 18. Rxe8 {[%emt 0:00:09]} Nxe8 {[%emt 0:00:01]} 19. Qe3 {[%emt 0:00:02]} Ndf6 {[%emt 0:00:02]} 20. Bf4 {[%emt 0:00:06]} Qd7 {[%emt 0:00:02]} 21. g4 {[%emt 0:00:01]} Nc7 {[%emt 0:00:09]} 22. Be5 {[%emt 0:00:02]} Nfe8 {[%emt 0:00:02]} 23. Nf3 {[%emt 0:00:02]} Ne6 {[%emt 0:00:02]} 24. Bh2 {[%emt 0:00:04]} f6 {[%emt 0:00:01]} 25. Nd2 {[%emt 0:00:12]} g6 {[%emt 0:00:03]} 26. Nh4 {[%emt 0:00:01]} Bd6 {[%emt 0:00:03]} 27. Bxd6 {[%emt 0:00:01]} Qxd6 {[%emt 0:00:00]} 28. Ng2 {[%emt 0:00:01]} N8g7 {[%emt 0:00:04]} 29. f4 {[%emt 0:00:01]} Kf7 {[%emt 0:00:01]} 30. Nf3 {[%emt 0:00:01]} Nf8 {[%emt 0:00:02]} 31. Kf2 {[%emt 0:00:03]} Nd7 {[%emt 0:00:02]} 32. h4 {[%emt 0:00:06]} h5 {[%emt 0:00:04]} 33. g5 {[%emt 0:00:00]} Nf5 {[%emt 0:00:01]} 34. Qd2 {[%emt 0:00:06]} Qe7 {[%emt 0:00:04]} 35. Qe2 {[%emt 0:00:01]} Qxe2+ {[%emt 0:00:05]} 36. Kxe2 {[%emt 0:00:01]} Nb6 {[%emt 0:00:00]} 37. b3 {[%emt 0:00:03]} Nc8 {[%emt 0:00:01]} 38. Nd2 {[%emt 0:00:03]} Ncd6 {[%emt 0:00:01]} 39. Kd3 {[%emt 0:00:01]} Ke6 {[%emt 0:00:03]} 40. c4 {[%emt 0:00:01]} Ne8 {[%emt 0:00:02]} 41. cxd5+ {[%emt 0:00:03]} cxd5 {[%emt 0:00:03]} 42. Nf3 {[%emt 0:00:01]} Ned6 {[%emt 0:00:02]} 43. Nd2 {[%emt 0:00:03]} Ng3 {[%emt 0:00:02]} 44. Nf3 {[%emt 0:00:03]} Ngf5 {[%emt 0:00:05]} 45. gxf6 {[%emt 0:00:02]} Kxf6 {[%emt 0:00:03]} 46. Ne5 {[%emt 0:00:01]} Ne4 {[%emt 0:00:03]} 47. Nd7+ {[%emt 0:00:01]} Ke7 {[%emt 0:00:03]} 48. Ne5 {[%emt 0:00:01]} Kf6 {[%emt 0:00:01]} 49. Nd7+ {[%emt 0:00:00]} Kf7 {[%emt 0:00:02]} 50. Ne5+ {[%emt 0:00:01]} Kg7 {[%emt 0:00:00]} 51. Nf3 {[%emt 0:00:01]} Ned6 {[%emt 0:00:02]} 52. Ne5 {[%emt 0:00:02]} b6 {[%emt 0:00:02]} 53. Nc6 {[%emt 0:00:01]} a5 {[%emt 0:00:00]} 54. Ne5 {[%emt 0:00:02]} Kf6 {[%emt 0:00:01]} 55. Nd7+ {[%emt 0:00:01]} Ke6 {[%emt 0:00:01]} 56. Nxb6 {[%emt 0:00:01]} Nb5 {[%emt 0:00:02]} 57. Na4 {[%emt 0:00:02]} Nbxd4 {[%emt 0:00:02]} 58. Nc5+ {[%emt 0:00:01]} Ke7 {[%emt 0:00:02]} 59. a3 {[%emt 0:00:01]} Nc6 {[%emt 0:00:01]} 60. Kc3 {[%emt 0:00:01]} Kd6 {[%emt 0:00:00]} 61. Nd3 {[%emt 0:00:01]} Nfd4 {[%emt 0:00:03]} 62. b4 {[%emt 0:00:02]} a4 {[%emt 0:00:01]} 63. Kb2 {[%emt 0:00:02]} Ne6 {[%emt 0:00:01]} 64. Ne3 {[%emt 0:00:01]} Ncd4 {[%emt 0:00:01]} 65. Kc3 {[%emt 0:00:03]} Ne2+ {[%emt 0:00:01]} 66. Kd2 {[%emt 0:00:01]} N2xf4 {[%emt 0:00:01]} 67. Ne1 {[%emt 0:00:02]} Ke5 {[%emt 0:00:01]} 68. Nd1 {[%emt 0:00:03]} Kd4 {[%emt 0:00:01]} 69. Nc3 {[%emt 0:00:01]} Kc4 {[%emt 0:00:01]} 70. Nxa4 {[%emt 0:00:00]} Kb3 {[%emt 0:00:00]} 71. Nc5+ {[%emt 0:00:02]} Kxa3 {[%emt 0:00:01]} 72. Ned3 {[%emt 0:00:01]} Nxd3 {[%emt 0:00:02]} 73. Nxe6 {[%emt 0:00:01]} Nxb4 {[%emt 0:00:02]} 74. Nf4 {[%emt 0:00:01]} Nc6 {[%emt 0:00:01]} 75. Nxg6 {[%emt 0:00:00]} Ne5 {[%emt 0:00:01]} 76. Nxe5 {[%emt 0:00:01]} Kb4 {[%emt 0:00:02]} 77. Kd3 {[%emt 0:00:01]} Kc5 {[%emt 0:00:00]} 78. Nf3 {[%emt 0:00:00]} Kd6 {[%emt 0:00:00]} 79. Ke3 {[%emt 0:00:01]} Ke6 {[%emt 0:00:00]} 80. Kf4 {[%emt 0:00:01]} Kf6 {[%emt 0:00:01]} 81. Nd4 {[%emt 0:00:00]} Kg6 {[%emt 0:00:00]} 82. Ke5 {[%emt 0:00:01]} Kg7 {[%emt 0:00:00]} 83. Kxd5 {[%emt 0:00:00]} Kf6 {[%emt 0:00:00]} 84. Ke4 {[%emt 0:00:01]} Kg6 {[%emt 0:00:00]} 85. Ke5 {[%emt 0:00:00]} 1-0

[Event "Speed Chess Championship 2020"]
[Site "Online"]
[Date "2020.11.04"]
[Round "1.18"]
[White "Maghsoodloo, Parham"]
[Black "Carlsen, Magnus"]
[Result "1-0"]
[WhiteElo "2676"]
[BlackElo "2862"]
[Annotator "TA"]
[PlyCount "85"]
[EventDate "2020.10.31"]
[EventType "k.o."]
[SourceTitle "playchess.com"]
[Source "ChessBase"]
[SourceQuality "1"]

{[%evp 16,85,45,45,47,41,52,44,67,49,56,52,80,25,104,73,74,57,66,52,53,52,63,29,59,14,49,56,45,50,83,53,77,79,85,89,64,87,87,80,233,197,280,278,307,278,265,227,318,379,363,374,327,253,437,320,324,265,259,239,395,393,413,405,29986,413,29987,29988,29989,29987,29993,4132]} 1. Nf3 g6 2. e4 Bg7 3. d4 d6 4. c3 Nf6 5. Bd3 O-O 6. O-O Nc6 7. h3 e5 8. Re1 Re8 9. d5 Ne7 {B07: Pirc Defence: Miscellaneous Systems.} 10. c4 Nd7 11. Nc3 h6 {[#] White is slightly better.} 12. a3 $5 $146 {[%cal Ba2a3,Ba3a4,Ba4a5][%mdl 8] An interesting novelty.} ({Predecessor:} 12. Rb1 a5 13. a3 f5 14. b4 b6 15. Qc2 Rf8 16. Bb2 f4 17. Nb5 g5 18. Be2 {0-1 (36) Predojevic,B (2640)-Aronian,L (2795) Germany 2017}) 12... f5 13. b4 Nf6 14. c5 (14. exf5 $16 Bxf5 15. Bb2) 14... f4 (14... Nxe4 $11 {keeps the balance.} 15. Nxe4 fxe4 16. Bxe4 Bf5) 15. Nh2 g5 16. Be2 Rf8 17. a4 Ng6 18. Ba3 Nh4 19. a5 Rf7 20. b5 dxc5 (20... h5 $5) 21. Bxc5 Bf8 22. Bxf8 Qxf8 23. d6 {aiming for Bc4.} Be6 24. dxc7 $1 Rxc7 25. Nd5 $36 {[%mdl 2048] White has strong initiative.} Bxd5 26. exd5 Rd8 27. Ng4 Nf5 $2 {This costs Black the game.} (27... Kg7 $16 {was worth a try.}) 28. Bd3 $1 $18 {[%cal Rd3f5]} ({And not} 28. Nxe5 Rxd5 29. Bd3 Qd6 $11) 28... e4 (28... Nd6 $142 29. Rxe5 (29. Nxe5 Nf7 $18) 29... Re8) 29. Bxe4 Nd6 30. Bd3 Nxg4 31. Qxg4 {Black must now prevent Re6.} Re7 (31... Qf6 {was necessary.} 32. Rab1 Re8 33. Rxe8+ Nxe8) 32. Re6 Rxe6 33. dxe6 ({But not} 33. Qxe6+ Qf7 $18) 33... Qf6 34. Re1 Nc8 $2 (34... Re8 {keeps fighting.} 35. Qe2 Re7) 35. Be4 b6 36. h4 Ne7 37. hxg5 Qxg5 $2 (37... hxg5 38. a6 Kg7) 38. Qh3 bxa5 39. Qc3 Qxb5 {[#]} (39... Rf8 $18 40. Qa3 Nc8 41. Qxa5 Qe7) 40. Qc7 (40. Qf6 $142 $1 {[%mdl 512]} Qe8 41. Qxh6 Nf5 42. Bxf5 Qe7 43. Bh7+ $1 {[%mdl 576] Deflection} Qxh7 44. Qg5+ $1 {[%mdl 576] Double Attack} Qg7 45. Qxd8+ Kh7 46. e7) 40... Re8 (40... Qe8 $18 41. Qxf4 Qf8) 41. Qxf4 {White mates.} Qh5 42. Re3 Ng6 {[#]} 43. Bxg6 {Av CentiPawn Loss W=-74/B=-85. Weighted=-113/-112} (43. Qf7+ $142 $1 {[%mdl 512]} Kh8 44. Qxe8+ Kg7 45. Qf7+ {[%mdl 64] Double Attack} Kh8 46. Rf3 Qg4 47. Qe8+ Nf8 48. Rxf8+ Kg7 49. Rf7#) 1-0

[Event "Speed Chess Championship 2020"]
[Site "Online"]
[Date "2020.11.08"]
[Round "1.18"]
[White "Abdusattorov, Nodirbek"]
[Black "So, Wesley"]
[Result "1/2-1/2"]
[WhiteElo "2662"]
[BlackElo "2816"]
[Annotator "ChessBase"]
[PlyCount "74"]
[EventDate "2020.10.31"]
[EventType "k.o."]
[SourceTitle "playchess.com"]
[Source "ChessBase"]
[SourceQuality "1"]
[TimeControl "180+1"]

1. e4 {[%emt 0:00:01]} e5 {[%emt 0:00:01]} 2. Nf3 {[%emt 0:00:01]} Nc6 {[%emt 0:00:00]} 3. Nc3 {[%emt 0:00:01]} Nf6 {[%emt 0:00:01]} 4. Bb5 {[%emt 0:00:02]} Nd4 {[%emt 0:00:01]} 5. O-O {[%emt 0:00:00]} c6 {[%emt 0:00:01]} 6. Bd3 {[%emt 0:00:02]} Nxf3+ {[%emt 0:00:01]} 7. Qxf3 {[%emt 0:00:00]} d6 {[%emt 0:00:00]} 8. Be2 {[%emt 0:00:01]} g6 {[%emt 0:00:01]} 9. d3 {[%emt 0:00:02]} Nh5 {[%emt 0:00:00]} 10. g3 {[%emt 0:00:15]} Ng7 {[%emt 0:00:49]} 11. Qg2 {[%emt 0:00:04]} Ne6 {[%emt 0:00:01]} 12. f4 {[%emt 0:00:06]} Nd4 {[%emt 0:00:05]} 13. Bd1 {[%emt 0:00:02]} Be6 {[%emt 0:00:07]} 14. Ne2 {[%emt 0:00:03]} Nxe2+ {[%emt 0:00:05]} 15. Bxe2 {[%emt 0:00:00]} Qd7 {[%emt 0:00:00]} 16. Qf2 {[%emt 0:00:09]} Bh3 {[%emt 0:00:02]} 17. Re1 {[%emt 0:00:01]} Bg7 {[%emt 0:00:04]} 18. Be3 {[%emt 0:00:01]} O-O {[%emt 0:00:06]} 19. d4 {[%emt 0:00:06]} f5 {[%emt 0:00:12]} 20. dxe5 {[%emt 0:00:07]} dxe5 {[%emt 0:00:00]} 21. Rad1 {[%emt 0:00:01]} Qf7 {[%emt 0:00:01]} 22. b3 {[%emt 0:00:20]} fxe4 {[%emt 0:00:03]} 23. fxe5 {[%emt 0:00:29]} Qc7 {[%emt 0:00:11]} 24. Bc4+ {[%emt 0:00:07]} Kh8 {[%emt 0:00:01]} 25. Qd2 {[%emt 0:00:02]} Rad8 {[%emt 0:00:07]} 26. Qb4 {[%emt 0:00:05]} b5 {[%emt 0:00:12]} 27. Rxd8 {[%emt 0:00:15]} Rxd8 {[%emt 0:00:00]} 28. Bf1 {[%emt 0:00:04]} Bxf1 {[%emt 0:00:03]} 29. Rxf1 {[%emt 0:00:00]} Qxe5 {[%emt 0:00:02]} 30. Rf7 {[%emt 0:00:09]} h5 {[%emt 0:00:15]} 31. Qe7 {[%emt 0:00:14]} Rd1+ {[%emt 0:00:12]} 32. Kg2 {[%emt 0:00:05]} Qxe7 {[%emt 0:00:03]} 33. Rxe7 {[%emt 0:00:00]} Re1 {[%emt 0:00:01]} 34. Kf2 {[%emt 0:00:05]} Rh1 {[%emt 0:00:01]} 35. Kg2 {[%emt 0:00:04]} Re1 {[%emt 0:00:01]} 36. Kf2 {[%emt 0:00:05]} Rh1 {[%emt 0:00:01]} 37. Kg2 {[%emt 0:00:04]} Re1 {[%emt 0:00:01]} 1/2-1/2